01283nam a2200337Ia 4500001001200000003000800012006001900020007001500039008004100054010001700095020001800112020001500130020001500145040002100160035002100181050002300202082001700225100003500242245010100277260006100378300003600439504005100475533015200526650002100678650002500699655002900724700003200753710001700785856012600802999001700928ebr10245841CaPaEBRm u cr cn|||||||||990311s1999 enka sb 001 0 eng d z 99182817  z9780340676493 z0340676493 z0470236299 aCaPaEBRcCaPaEBR a(OCoLC)64676129314aQA901b.N35 1999eb04a620.1/062211 aNakayama, Y.q(Yasuki),d1916-10aIntroduction to fluid mechanicsh[electronic resource] /cY. Nakayama ; UK editor, R.F. Boucher. aLondon :bArnold ;aNew York :bJ. Wiley & Sons,cc1999. axii, 308 p. :bill. (some col.) aIncludes bibliographical references and index. aElectronic reproduction.bPalo Alto, Calif. :cebrary,d2009.nAvailable via World Wide Web.nAccess may be limited to ebrary affiliated libraries. 0aFluid mechanics. 0aContinuum mechanics. 7aElectronic books.2local1 aBoucher, R. F.q(Robert F.)2 aebrary, Inc.40uhttp://site.ebrary.com/lib/rucke/Doc?id=10245841zAn electronic book accessible through the World Wide Web; click to view c35638d35638